1916 1157 1233 1144 1651 1693 1691 1944 1889 1591 1423 1063 1998 1571 1312 1957 1489 1858 1692 1459 1377 1185 1151 1507 1250 1607 1398 1431 1827 1998 1397 1367 1068 1608 1227 1102 1218 1672 1415 1410 1277 1338 1687 1070 1771 1652 1022 1053 1244 1851 1729 1075 1240 1317 1927 1321 1744 1879 1428 1945 1017 1367 1616 1131 1083 1331 1936 1760 1153 1831 1805 1283 1812 1980 1111 1439 1522 1170 1228 1998 1283 1123 1735 1394 1961 1968 1377 1313 1412 1428 1218 1653 1674 1878 1124 1212 1204 1626 1219 BCNSPRNW ULIB Ver.6.0+V

เปลี่ยนเป็นภาษาไทย

Change to English
 แสดงรายละเอียดบรรณานุกรม
  กลับหน้าหลัก

Brief Record : Get Marc (ISO 2709) : E-mail record : QR code < ปิดหน้าต่าง
LEADER : 00000nam 2200000uu 4500
001    13399112240
003     ULIB
008    110426s2550||||th 000 0 tha d
020    9749557617
060  4 W13^bว585พ 2550
100 0  วิทย์ เที่ยงบูรณธรรม
245 10 พจนานุกรมวิทยาศาสตร์การแพทย์ =^bMedical sciences Dictionary/^cวิทย์ เที่ยงบูรณธรรม
246 31 Medical sciences Dictionary
260    กรุงเทพฯ :^bรวมสาส์น,^c2550
300    1287 หน้า
650  7 ศัพท์วิทยาศาสตร์การแพทย์
650  7 วิทยาศาสตร์แพทย์^xพจนานุกรม
945    ^p490^l0^i024667
995    ทศพร
999 ^a ใช้งานได้ทุกระบบ
รายการนี้ยังไม่มีแท็ก
คุณยังไม่ได้ล็อกอิน คุณสามารถมีกิจกรรมร่วมกับเว็บไซต์ได้ แต่ต้องล็อกอินก่อน ::
  ล็อกอิน

รายการสื่อสารสนเทศ

ลำดับที่ ประเภท เลขเรียก/บาร์โค้ด สถานที่ สถานะ
- ไม่พบข้อมูล -

รายการใกล้เคียง
    ผู้แต่ง [วิทย์ เที่ยงบูรณธรรม]

    หัวเรื่อง [ศัพท์วิทยาศาสตร์การแพทย์]

BibComment


ยังไม่เคยถูกคอมเมนท์

คอมเมนท์ทรัพยากรรายการนี้
  คอมเมนท์: พจนานุกรมวิทยาศาส..


 Copyright 2026. Bcnsprnw @Library